000
00331 a2200145 4500
001
154185
040
_c
Escola São Tomás de Aquino
100
_a
SUASSUNA,Ariano
240
1
0
_a
Auto da compadecida
_l
por
245
1
0
_a
Auto da compadecida
362
0
_a
2005
440
1
_a
Agir
697
_a
LITERATURA BRASILEIRA
942
_c
BK
999
_c
154185
_d
154185